कमळण (Record no. 36476)

MARC details
000 -LEADER
fixed length control field 00504nam a2200181Ia 4500
008 - FIXED-LENGTH DATA ELEMENTS--GENERAL INFORMATION
fixed length control field 090122s9999 xx 000 0 und d
082 ## - DEWEY DECIMAL CLASSIFICATION NUMBER
Item number 12399
100 ## - MAIN ENTRY--PERSONAL NAME
Personal name कर्णिक
Numeration मधु
Titles and other words associated with a name मंगेश
245 ## - TITLE STATEMENT
Title कमळण
260 ## - PUBLICATION, DISTRIBUTION, ETC. (IMPRINT)
Name of publisher, distributor, etc प्रिया
Date of publication, distribution, etc --
300 ## - PHYSICAL DESCRIPTION
Extent 228
501 ## - WITH NOTE
With note ललित वितरण / बि.नं.325-15.12.07
600 ## - SUBJECT ADDED ENTRY--PERSONAL NAME
Personal name कर्णिक
630 ## - SUBJECT ADDED ENTRY--UNIFORM TITLE
Uniform title कमळण
700 ## - ADDED ENTRY--PERSONAL NAME
Personal name कर्णिक
730 ## - ADDED ENTRY--UNIFORM TITLE
Uniform title कमळण
942 ## - ADDED ENTRY ELEMENTS (KOHA)
Koha item type Book
Holdings
Withdrawn status Lost status Damaged status Not for loan Home library Current library Date acquired Source of acquisition Cost, normal purchase price Total Checkouts Full call number Barcode Date last seen Copy number Cost, replacement price Price effective from Koha item type
        Dombivali Granthasangrahalaya, Dombivali Dombivali Granthasangrahalaya, Dombivali 01/22/2009 ललित वितरण / बि.नं.325-15.12.07 215.00   12399 DOM-12399 01/22/2009 1 215.00 01/22/2009 Book